[Event "92nd ARG-ch Final 2017"]
[Site "Buenos Aires"]
[Date "2017.10.15"]
[Round "4"]
[White "Krysa, Leandro"]
[Black "Acosta, Pablo Ismael"]
[Result "1-0"]
[WhiteElo "2545"]
[BlackElo "2409"]
[Annotator "TA"]
[PlyCount "47"]
[EventDate "2017.10.12"]
[EventType "tourn"]
[EventCountry "ARG"]
[SourceTitle "playchess.com"]
[Source "ChessBase"]
[SourceQuality "1"]

{[%evp 21,47,18,26,-6,0,0,5,0,0,6,14,-6,-10,-21,188,172,338,333,316,326,298,347,602,641,624,618,856,933]} 1. d4 d5 2. c4 dxc4 3. e3 Nf6 4. Bxc4 e6 5. Nf3 c5 6. O-O a6 7. Bb3 cxd4 8. exd4 Nc6 9. Nc3 Be7 10. Bg5 O-O 11. Re1 b5 {LiveBook: 39 Games. D27: Queen's Gambit Accepted: Classical main line: 7 e4!? and 7 a4} (11... Bd7 12. Qd3 Nb4 13. Qe2 Bc6 14. Rad1 Bd5 15. Nxd5 Nbxd5 16. Ne5 Rc8 17. Rd3 Qc7 18. Rg3 Kh8 19. Rh3 {½-½ (46) Gelfand,B (2759)-Karjakin,S (2770) Sochi 2014}) 12. h4 Na5 $146 ({Predecessor:} 12... Bb7 13. d5 Nxd5 14. Nxd5 exd5 15. Bxd5 Bf6 16. Rc1 Rc8 17. Bxf6 Qxf6 18. Ng5 Ba8 19. Rc3 g6 20. Nxf7 Nd4 21. Rxc8 Rxc8 22. Nd6+ Bxd5 23. Nxc8 Bb7 24. Re8+ {1-0 (24) Tkachiev,V (2644)-Istratescu,A (2647) Pau 2012}) 13. Bc2 Bb7 {The position is equal.} 14. Qd3 {Hoping for Bxf6.} g6 15. Ne5 {[%cal Bf3e5,Be5f7,Bf7g5][%mdl 32]} Rc8 16. Bh6 Re8 17. Qh3 b4 $2 (17... Qb6 $11 {and Black is okay.}) 18. Nxf7 $1 $18 Qxd4 $2 {[#]} (18... Qc7) 19. Be3 $1 {[%cal Re3d4]} ({But not} 19. Qxe6 $2 Bc5 $19) 19... Qd7 {[#]} 20. Ba4 $1 {[%cal Ra4d7,Bc2a4,Ba4e8,Be8f7][%mdl 32]} Qc7 21. Bxe8 ({And not} 21. Qxe6 Qc4 $11) 21... bxc3 $2 (21... Rxe8 22. Nh6+ (22. Qxe6 Bd8 $15) 22... Kh8) 22. Ng5 {White is clearly winning.} Qe5 23. Bf7+ Kg7 {[#]} 24. Bd4 $1 {[%mdl 512] Precision: White = 72%, Black = 26%.} 1-0

[Event "92nd ARG-ch Final 2017"]
[Site "Buenos Aires"]
[Date "2017.10.15"]
[Round "4"]
[White "Real De Azua, Ernesto"]
[Black "Pierrot, Facundo"]
[Result "1-0"]
[WhiteElo "2484"]
[BlackElo "2405"]
[Annotator "TA"]
[PlyCount "47"]
[EventDate "2017.10.12"]
[EventType "tourn"]
[EventCountry "ARG"]
[SourceTitle "playchess.com"]
[Source "ChessBase"]
[SourceQuality "1"]

{[%evp 14,47,67,60,85,81,77,62,68,43,54,44,52,48,50,55,110,91,105,108,152,159,569,568,635,315,324,320,329,327,352,370,400,400,593,581]} 1. d4 Nf6 2. c4 g6 3. Nc3 d5 4. Nf3 Bg7 5. h4 (5. Qb3 dxc4 6. Qxc4 O-O 7. e4 Nc6 8. Be2 e5 9. d5 Nd4 10. Nxd4 exd4 11. Qxd4 c6 12. Qc4 b5 13. Qxc6 Bd7 14. Qd6 Re8 15. Bg5 b4 16. Qxb4 Nxd5 17. Nxd5 Qxg5 {½-½ (59) Aronian,L (2799)-Vachier Lagrave,M (2804) Tbilisi 2017}) 5... c6 6. Bg5 {D90: Grünfeld: 4 Nf3 Bg7 sidelines} Ne4 7. e3 Nxg5 8. hxg5 {LiveBook: 6 Games. White is slightly better.} h6 9. gxh6 Rxh6 10. Rxh6 Bxh6 11. Qb3 $146 {[%cal Rc4d5]} ({Predecessor:} 11. Bd3 Bg7 12. Qc2 dxc4 13. Bxc4 {1-0 (33) Mozharov,M (2573)-Lagno,K (2523) Moscow 2015}) 11... e6 12. O-O-O Nd7 13. Kb1 $36 {[%mdl 2048] White fights for an advantage.} Qe7 14. e4 {[%cal Rc4d5]} dxe4 (14... dxc4 $14 15. Bxc4 (15. Qxc4 Kf8 $14) 15... b5) 15. Nxe4 $16 Nf6 16. Bd3 Bg7 {[#]} 17. Ne5 $1 {aiming for Ng5.} Qc7 $2 (17... Nxe4 $16 18. Bxe4 Qd6) 18. Ng5 $18 Qb6 19. Ngxf7 (19. Qc3 $142) 19... Qxb3 20. axb3 Ke7 21. Ng5 Kd6 22. Bxg6 ({Don't do} 22. Nxg6 Ng4 $18) 22... Bd7 23. Re1 Rf8 (23... Rg8 {was worth a try.} 24. f4 Be8 25. Nef7+ Bxf7 26. Bxf7 Rh8 27. Bxe6 Kc7) 24. Nxd7 {Precision: White = 76%, Black = 17%.} 1-0

[Event "92nd ARG-ch Final 2017"]
[Site "Buenos Aires"]
[Date "2017.10.15"]
[Round "4"]
[White "Slipak, Sergio"]
[Black "Villanueva, Mario"]
[Result "1/2-1/2"]
[WhiteElo "2437"]
[BlackElo "2451"]
[Annotator "TA"]
[PlyCount "39"]
[EventDate "2017.10.12"]
[EventType "tourn"]
[EventCountry "ARG"]
[SourceTitle "playchess.com"]
[Source "ChessBase"]
[SourceQuality "1"]

{[%evp 12,39,14,4,35,26,34,30,33,0,0,-12,-13,-13,-9,-20,0,-9,0,-2,0,2,0,0,0,0,0,-7,20,17]} 1. e4 e5 2. Bc4 Nf6 3. d3 c6 4. Nf3 d5 5. Bb3 Bb4+ 6. Bd2 Bxd2+ 7. Nbxd2 Bg4 {C24: Bishop's Opening: 2...Nf6} (7... Nbd7 8. O-O O-O 9. Re1 d4 10. Nf1 Re8 11. c3 c5 12. cxd4 cxd4 13. Rc1 b6 14. Ng3 Nc5 15. Bc4 {0-1 (65) Mamedov,R (2655)-Kasimdzhanov,R (2703) Almaty 2016}) 8. h3 Bxf3 $1 9. Qxf3 O-O {White has an edge.} 10. O-O a5 {[%cal Ba7a5,Ba5a4][%mdl 32] [#] And now ...a4 would win.The position is equal.} 11. c3 $146 ({Predecessor:} 11. a3 a4 12. Ba2 Qa5 13. Qe2 Nbd7 14. g4 g6 15. Kh1 Qc5 16. Qe3 Rae8 17. Rae1 Kg7 18. c3 dxe4 19. dxe4 h6 20. Rd1 Qb6 21. Qxb6 {½-½ (21) Ortel,E (2340)-Farkas,G (2205) Hungary 1994}) 11... a4 12. Bc2 Nbd7 13. Rfe1 Qb6 14. Rab1 Rfe8 15. Qg3 Qc5 16. exd5 cxd5 17. d4 exd4 18. Rxe8+ Rxe8 19. Bxa4 Qa5 20. Bxd7 1/2-1/2

[Event "92nd ARG-ch Final 2017"]
[Site "Buenos Aires"]
[Date "2017.10.15"]
[Round "4"]
[White "Dolezal, Cristian"]
[Black "Mareco, Sandro"]
[Result "0-1"]
[WhiteElo "2426"]
[BlackElo "2644"]
[Annotator "TA"]
[PlyCount "68"]
[EventDate "2017.10.12"]
[EventType "tourn"]
[EventCountry "ARG"]
[SourceTitle "playchess.com"]
[Source "ChessBase"]
[SourceQuality "1"]

{[%evp 9,68,24,35,43,35,33,52,-18,23,-29,-23,-11,-6,-114,-119,-189,-187,-175,-162,-153,-170,-260,-281,-286,-291,-287,-276,-292,-268,-284,-277,-284,-291,-293,-299,-299,-274,-289,-290,-290,-291,-417,-415,-440,-439,-487,-500,-738,-738,-722,-715,-829,-759,-837,-835,-824,-797,-5608,-5601,-5527,-5527]} 1. d4 Nf6 2. Bg5 e6 3. Nd2 h6 4. Bh4 c5 5. e4 (5. c3 cxd4 6. cxd4 Nc6 7. Ngf3 g5 8. Bg3 Nh5 9. e3 Nxg3 10. hxg3 Bg7 11. Bb5 O-O 12. Rc1 f5 13. Bxc6 bxc6 {1-0 (71) Jobava,B (2713)-Short,N (2688) Malmo 2017}) 5... cxd4 6. e5 {A45: Trompowsky Attack} g5 7. Bg3 $1 Nd5 8. Bc4 (8. h4 $1 $14) 8... Nc6 9. Bxd5 $146 (9. h4 $142) ({Predecessor:} 9. Ngf3 Nb6 10. Bb3 d5 11. exd6 Bxd6 12. Qe2 Qe7 13. Bxd6 Qxd6 {1-0 (63) Jurcik,M (2481)-Pacher,M (2446) Slovakia 2013}) 9... exd5 $11 10. Nb3 Bg7 $36 {[%mdl 2048] Black has good play.} 11. Nf3 {[#]} (11. Ne2 $11 {keeps the balance.}) 11... d6 $1 $17 {[%cal Rd6e5][%mdl 512]} 12. Nbxd4 (12. exd6 $17 f5 13. O-O (13. Nbxd4 f4 $17)) 12... g4 $19 (12... Nxe5 13. O-O $17) (12... dxe5 13. Nxc6 bxc6 14. Bxe5 $15) 13. Nxc6 bxc6 {[%cal Bb7c6,Bc6c5][%mdl 32]} 14. Nd4 c5 15. Nc6 (15. Nb3 {was worth a try.} dxe5 16. O-O) 15... Qb6 16. Qxd5 Be6 (16... Bb7 17. e6 $19) 17. Qe4 (17. Qxd6 Bf8 $19) 17... d5 18. Qa4 Bd7 ({Worse is} 18... Qxb2 19. O-O $11) 19. e6 Bxc6 20. Qxg4 Qb4+ ({Much less strong is} 20... Qxb2 21. O-O $19) ({Not} 20... Bxb2 21. exf7+ Kxf7 22. O-O $17) 21. Qxb4 cxb4 22. exf7+ Kxf7 23. O-O-O Rhe8 24. Bd6 a5 25. Rd3 (25. Rhe1 {keeps fighting.}) 25... Re2 26. Bc5 Rc8 {Strongly threatening ...Ba4.Black is clearly winning.} 27. Kd1 {Now Rf3+ and White clings on.} Bb5 28. Rxd5 Bxb2 29. Be3 Bc4 {Hoping for ...Rxe3.} 30. Rd6 Ke7 31. Rd2 Rxd2+ 32. Bxd2 Rd8 33. Re1+ Kf7 34. Re4 Bc3 {Precision: White = 34%, Black = 94%.} 0-1

[Event "92nd ARG-ch Final 2017"]
[Site "Buenos Aires"]
[Date "2017.10.15"]
[Round "4"]
[White "Cuberli, Emiliano"]
[Black "Valerga, Diego"]
[Result "1/2-1/2"]
[WhiteElo "2248"]
[BlackElo "2452"]
[Annotator "TA"]
[PlyCount "104"]
[EventDate "2017.10.12"]
[EventType "tourn"]
[EventCountry "ARG"]
[SourceTitle "playchess.com"]
[Source "ChessBase"]
[SourceQuality "1"]

{[%evp 19,104,-9,-4,-17,-16,-12,0,-13,8,-5,-8,-22,0,0,0,0,0,0,10,4,7,-21,13,0,0,0,29,17,8,-49,-16,-86,25,20,19,28,27,14,15,15,33,0,29,34,10,0,0,0,0,0,0,0,0,0,0,0,0,-47,0,0,0,-63,-51,-83,-95,-98,-43,-42,-38,-39,0,-93,-72,-72,-72,-74,0,0,0,0,0,0,0,0,0,0,0]} 1. d4 Nf6 2. c4 e6 3. Nc3 Bb4 4. e3 O-O 5. Nge2 d5 6. a3 Be7 7. cxd5 exd5 8. Nf4 c6 9. Bd3 Bd6 10. O-O Re8 11. b4 {E46: Nimzo-Indian: Rubinstein: 4 e3 0-0 5 Ne2 without early Bd3} (11. f3 Na6 12. Bc2 Bxf4 13. exf4 Nc7 14. f5 b6 15. Bf4 Bb7 16. Qd2 Re7 17. g4 Nfe8 18. Rf2 f6 {1-0 (30) Bocharov,D (2560)-Anand,V (2803) Berlin 2015}) 11... Nbd7 12. Qc2 Nf8 13. b5 Bd7 {[%cal Bc8d7,Bd7c6,Bc6d5,Bd5c4][%mdl 32]} 14. bxc6 Bxc6 15. Bd2 $146 ({Predecessor:} 15. a4 Rc8 16. Qb3 a6 17. Ba3 Bxf4 18. exf4 Ne6 {0-1 (43) Blank Goncalves,E (2149)-De Souza,M (2341) Sao Paulo 2000}) 15... Bxf4 (15... Rc8 {with more complications.} 16. Rfc1 Ng6 17. a4 Nxf4 18. exf4 Bc7) 16. exf4 Ne4 17. Bxe4 dxe4 18. Be3 Bd5 19. Rfc1 Rc8 20. Qe2 Qd7 (20... Bc4 $5 {[%cal Rc4e2]} 21. Qd1 Qd7 $11) 21. Qh5 Bc4 22. f5 f6 23. Qg4 Bd3 24. d5 (24. h3 $11) 24... b6 25. Bd4 (25. Qf4 $11 {keeps the balance.}) 25... Qf7 (25... Rc4 $17 26. Be3 Ng6 $1 {[%mdl 512]}) 26. Nd1 $11 {[%cal Bc3d1,Bd1e3,Be3g4][%mdl 32]} Nd7 {[%cal Bf8d7,Bd7c5,Bc5a4][%mdl 32]} 27. Ne3 Nc5 {Hoping for ...Nb3.} 28. Rc3 Na4 29. Rxc8 Rxc8 30. Qg3 (30. Qd1 $5 {[%cal Rd1a4]} Nc5 31. Rc1 $11) 30... Qc7 31. d6 Qf7 32. Ng4 Kf8 $1 33. Re1 h5 34. Ne3 Nc3 35. Bxc3 $1 Rxc3 36. f3 Rc5 37. fxe4 Bxe4 38. Rd1 Qd7 39. Qf4 Bc6 ({Don't blunder} 39... Bxf5 $2 40. Nxf5 Rxf5 {[#]} 41. Qxf5 $1 $18 {[%mdl 512]}) 40. h4 (40. Kf2 $11) 40... Re5 $15 41. Rd2 Re4 42. Qg3 b5 (42... Qe8 $17 43. Rd3 Qe5 44. Qxe5 Rxe5) 43. Qf2 Qe8 44. Nc2 a5 45. Qc5 (45. Qa7 $1 $11) 45... Bd7 46. Nd4 Re1+ 47. Kh2 Rh1+ (47... Qe4 $17 {[%cal Re4h4]} 48. Ne6+ Kg8) 48. Kxh1 $11 {And now Re2 would win.The position is equal.} Qe1+ 49. Kh2 Qxh4+ 50. Kg1 Qe1+ 51. Kh2 Qh4+ 52. Kg1 Qe1+ {Precision: White = 59%, Black = 49%.} 1/2-1/2

[Event "92nd ARG-ch Final 2017"]
[Site "Buenos Aires"]
[Date "2017.10.16"]
[Round "5"]
[White "Mareco, Sandro"]
[Black "Real De Azua, Ernesto"]
[Result "1/2-1/2"]
[WhiteElo "2644"]
[BlackElo "2484"]
[Annotator "TA"]
[PlyCount "41"]
[EventDate "2017.10.12"]
[EventType "tourn"]
[EventCountry "ARG"]
[SourceTitle "playchess.com"]
[Source "ChessBase"]
[SourceQuality "1"]

{[%evp 24,41,11,0,0,0,0,0,0,-11,-1,-6,-12,-21,-10,-34,-20,-90,-56,-92]} 1. d4 d5 2. c4 e6 3. Nf3 Nf6 4. Nc3 Bb4 5. Qa4+ Nc6 6. Bg5 h6 7. Bxf6 Qxf6 8. e3 O-O {D38: Queen's Gambit Declined: Ragozin Defence (4 Nf3 Bb4)} 9. Be2 dxc4 10. O-O Bd7 (10... Bxc3 11. bxc3 Bd7 12. Qxc4 Rac8 13. Rad1 Rfd8 14. Nd2 Na5 15. Qb4 b6 16. Ba6 {1-0 (32) Aronian,L (2809)-So,W (2810) Saint Louis 2017}) 11. Bxc4 Bxc3 12. bxc3 Rfd8 13. Qc2 {LiveBook: 3 Games} Na5 14. Bd3 c5 {[#]} 15. Rab1 $146 ({Predecessor:} 15. Ne5 Be8 16. f4 {0-1 (44) Hansen,C (2621)-Hammer,J (2665) Oslo 2015}) 15... Rac8 16. Qe2 Be8 17. Ne5 Qe7 18. f4 cxd4 19. cxd4 Rc3 20. Bb5 (20. Rfe1 $11 {remains equal.}) 20... f6 21. Ng4 1/2-1/2

[Event "92nd ARG-ch Final 2017"]
[Site "Buenos Aires"]
[Date "2017.10.16"]
[Round "5"]
[White "Perez Ponsa, Federico"]
[Black "Flores, Diego"]
[Result "1/2-1/2"]
[WhiteElo "2594"]
[BlackElo "2574"]
[Annotator "TA"]
[PlyCount "33"]
[EventDate "2017.10.12"]
[EventType "tourn"]
[EventCountry "ARG"]
[SourceTitle "playchess.com"]
[Source "ChessBase"]
[SourceQuality "1"]

{[%evp 24,33,18,18,13,-6,0,0,4,0,7,0]} 1. e4 c5 2. Nf3 Nc6 3. Nc3 g6 4. d4 cxd4 5. Nxd4 Bg7 6. Be3 Nf6 7. Bc4 O-O 8. Bb3 Qa5 9. O-O d6 10. h3 Bd7 11. Re1 Rac8 12. Nd5 Rfe8 {B35: Sicilian: Accelerated Dragon with 5 Nc3: main line} 13. Bd2 {LiveBook: 13 Games. The position is equal.} Qa6 14. Nxc6 $146 ({Predecessor:} 14. Bc3 Nxd5 15. exd5 Ne5 16. Ne2 Bb5 17. Kh1 Bxe2 18. Rxe2 Rxc3 19. bxc3 Qa5 20. Qe1 {0-1 (112) Lorenzo de la Riva,L (2407)-Martinez Duany,L (2510) Barcelona 2010}) 14... bxc6 15. Nb4 Qb5 16. Nd3 c5 {[#] Hoping for ...c4.} 17. c4 $1 1/2-1/2

[Event "92nd ARG-ch Final 2017"]
[Site "Buenos Aires"]
[Date "2017.10.16"]
[Round "5"]
[White "Sosa, Tomas"]
[Black "Krysa, Leandro"]
[Result "1/2-1/2"]
[WhiteElo "2466"]
[BlackElo "2545"]
[Annotator "TA"]
[PlyCount "38"]
[EventDate "2017.10.12"]
[EventType "tourn"]
[EventCountry "ARG"]
[SourceTitle "playchess.com"]
[Source "ChessBase"]
[SourceQuality "1"]

{[%evp 15,38,22,30,22,21,12,32,0,0,-45,-66,-41,-52,-62,-48,-37,-18,0,-18,-142,-131,-181,-111,-127,61]} 1. e4 e5 2. Nf3 Nc6 3. Bc4 Bc5 4. c3 Nf6 5. d3 d6 6. O-O O-O 7. Bg5 h6 8. Bh4 a6 {LiveBook: 6 Games. C54: Giuoco Piano: 4 c3 Nf6, main lines with 5 d4 and 5 d3} 9. Nbd2 (9. Bb3 Ba7 10. Nbd2 Be6 11. Re1 Kh7 12. Nf1 g5 13. Bg3 Bxb3 14. Qxb3 Rb8 15. d4 exd4 16. Nxd4 {0-1 (52) Caruana,F (2808)-Anand,V (2786) Stavanger 2017}) 9... Ba7 10. b4 Kh7 $146 {The position is equal.} ({Predecessor:} 10... Be6 11. a4 Nb8 12. Qb3 Bxc4 13. Nxc4 g5 14. Bg3 Nc6 {½-½ (26) Horvath,L (2269)-Karacsony,A (2314) Hungary 2003}) 11. Kh1 g5 12. Nxg5+ hxg5 13. Bxg5 {[#] Strongly threatening f4.} Rg8 14. f4 $1 exf4 15. Bxf4 Ne5 16. Bxe5 dxe5 17. Qf3 (17. Nf3 $1 $11 {remains equal.} Bg4 18. Qe1) 17... Rg6 $17 18. d4 Bg4 ({Stronger than} 18... exd4 19. e5 $14) ({Better is} 18... Qe7 $19 19. Qd3 Kh8) 19. Qg3 exd4 $2 {Precision: White = 39%, Black = 71%.} ({Black should try} 19... Kg7 $17 20. Qxe5 c5) 1/2-1/2

[Event "92nd ARG-ch Final 2017"]
[Site "Buenos Aires"]
[Date "2017.10.16"]
[Round "5"]
[White "Valerga, Diego"]
[Black "Slipak, Sergio"]
[Result "1/2-1/2"]
[WhiteElo "2452"]
[BlackElo "2437"]
[Annotator "TA"]
[PlyCount "35"]
[EventDate "2017.10.12"]
[EventType "tourn"]
[EventCountry "ARG"]
[SourceTitle "playchess.com"]
[Source "ChessBase"]
[SourceQuality "1"]

{[%evp 24,26,0,-8,5]} 1. Nf3 Nf6 2. g3 d6 3. Bg2 e5 4. O-O Nc6 5. c4 g6 6. Nc3 Bg7 7. d3 O-O 8. Rb1 a5 9. a3 Bf5 10. Bg5 h6 {A26: English Opening vs King's Indian with ...Nc6 and d3} 11. Bxf6 Bxf6 12. b4 axb4 13. axb4 {LiveBook: 3 Games} Bg7 (13... Qd7 14. b5 Ne7 15. Nd2 c6 16. Qb3 Bh3 17. Nde4 Kg7 18. Nxf6 Kxf6 19. Ne4+ Kg7 20. Bxh3 Qxh3 21. Nxd6 h5 {½-½ (114) Johannesson,I (2377)-Kollars,D (2500) chess.com INT 2017}) {Predecessor:} 14. b5 $146 Ne7 15. Nd2 c6 16. Qb3 Be6 17. Rfc1 d5 18. Qd1 {0-1 (33) Van Hoolandt,P (2176)-Dumpor,A (2329) Kastav 2001} 1/2-1/2

[Event "92nd ARG-ch Final 2017"]
[Site "Buenos Aires"]
[Date "2017.10.16"]
[Round "5"]
[White "Villanueva, Mario"]
[Black "Dolezal, Cristian"]
[Result "1-0"]
[WhiteElo "2451"]
[BlackElo "2426"]
[Annotator "TA"]
[PlyCount "89"]
[EventDate "2017.10.12"]
[EventType "tourn"]
[EventCountry "ARG"]
[SourceTitle "playchess.com"]
[Source "ChessBase"]
[SourceQuality "1"]

{[%evp 10,89,97,87,87,82,105,95,112,112,112,111,117,112,110,111,114,111,110,70,86,58,67,0,73,35,61,16,25,24,15,16,39,0,59,32,41,37,42,27,79,30,183,150,74,67,62,35,141,149,128,136,139,150,164,136,205,205,229,231,264,205,205,205,201,193,1237,1099,1754,1512,29974,29975,29974,29976,29972,29977,29977,29978,29975,29959,5389,6005]} 1. e4 g6 2. d4 Bg7 3. Nc3 d6 4. f4 Nc6 5. Be3 Nh6 {[%cal Bg8h6,Bh6g4,Bg4e3][%mdl 32]} 6. Nf3 {LiveBook: 3 Partien} e6 {B06: Moderne Verteidigung} 7. Qd2 f5 8. O-O-O $146 ({Vorgänger:} 8. e5 d5 9. h3 Qd7 10. Bd3 b6 11. g4 Bb7 12. Rg1 Bf8 13. Bf2 Be7 14. Nd1 {0-1 (74) Obregon,C (2504)-Dolezal,C (2386) Villa Martelli 2014}) 8... Ng4 {Weiß steht besser.} 9. exf5 exf5 10. d5 Nxe3 11. Qxe3+ Ne7 12. Bb5+ Kf8 13. Rhe1 Bf6 14. Rd2 a6 15. Ba4 Kg7 16. Ng5 (16. Ne2 $14) 16... Rf8 (16... h6 $11 17. Ne6+ Bxe6 18. dxe6 d5) 17. Rde2 {[%cal Re3e7]} Ng8 18. Qg3 b5 19. Bb3 Bd7 20. h4 h5 21. Nd1 Nh6 ({Günstiger ist} 21... Qb8 $11) 22. c3 {[%cal Bc2c3,Bc3c4][%mdl 32]} Ng4 23. Bc2 Rb8 24. Nf2 b4 (24... Nxf2 $11 {bleibt in der Remisbreite.} 25. Qxf2 a5) 25. c4 a5 $2 (25... Nxf2 $11 {und Schwarz muss sich keine Sorgen machen.} 26. Qxf2 (26. Rxf2 Re8 $14) 26... a5) 26. Nxg4 $18 hxg4 27. Qd3 Kg8 28. Qd1 Re8 {[#]} ({Besser ist} 28... Qc8 $14) 29. Ba4 $1 $16 {Und weiter mit Txe8+ wäre nett.} Rxe2 30. Rxe2 b3 31. axb3 {[%cal Ba2b3,Bb3a4][%mdl 32]} ({Finger weg von} 31. Bxb3 $6 Qc8 $16) 31... Bxa4 32. bxa4 Qd7 (32... c5 $16 {kämpft weiter.}) 33. b3 $18 Kg7 {[#]} 34. Re6 $1 Qd8 35. Qd3 Qf8 36. Kc2 Kh6 {[#]} 37. h5 $1 {[%mdl 512] Dg3 ist eine echte Drohung.} Re8 $2 (37... Qg7 38. g3 Rf8) (37... gxh5 38. Qxf5) 38. hxg6 Kxg6 {[#]} 39. Nh7 $1 {[%mdl 512]} Kxh7 40. Qxf5+ Kg7 41. Qxg4+ Kh6 42. Qg5+ $1 Kh7 43. Qh5+ Qh6 44. Qxh6+ Kxh6 45. Rxe8 {Precision: Weiß = 70%, Schwarz = 38%.} 1-0

[Event "92nd ARG-ch Final 2017"]
[Site "Buenos Aires"]
[Date "2017.10.16"]
[Round "5"]
[White "Acosta, Pablo Ismael"]
[Black "Cuberli, Emiliano"]
[Result "1-0"]
[WhiteElo "2409"]
[BlackElo "2248"]
[Annotator "TA"]
[PlyCount "41"]
[EventDate "2017.10.12"]
[EventType "tourn"]
[EventCountry "ARG"]
[SourceTitle "playchess.com"]
[Source "ChessBase"]
[SourceQuality "1"]

{[%evp 13,41,7,7,0,67,71,239,118,133,133,293,305,297,295,524,527,513,491,1265,1248,1205,1195,1581,1497,29992,29990,29993,29989,29991,29990]} 1. d4 Nf6 2. Nf3 e6 3. Bg5 c5 4. Nc3 d5 5. e4 dxe4 6. Bxf6 gxf6 7. Nxe4 cxd4 8. Bb5+ {C10: French with 3 Nc3: Unusual Black 3rd moves and 3...dxe4} Nd7 ({Black should try} 8... Bd7 $11 9. Bxd7+ (9. Qxd4 Be7 $14) (9. Nxd4 f5 $11) 9... Nxd7) (8... Ke7 9. Nxd4 f5 10. Qd2 fxe4 11. O-O-O Qc7 12. Rhe1 f5 13. Qg5+ Kf7 14. Qh5+ Kf6 15. Qh4+ Kf7 {½-½ (25) Sharbaf,M (2373)-Arizmendi Martinez,J (2531) Dubai 2010}) 9. Qxd4 $14 ({Reject} 9. Nxd4 f5 $11) 9... Qa5+ $2 (9... Be7 $16) 10. Nc3 (10. c3 $1 $18 {has better winning chances.} Qxb5 11. Nxf6+ Nxf6 12. Qxf6) 10... Be7 $146 ({Predecessor:} 10... a6 11. Bxd7+ Bxd7 12. Qxf6 Rg8 13. Ne5 Rg7 14. O-O-O Bc6 15. Rd3 Qc7 16. Rhd1 Qe7 17. Qf4 Rxg2 18. Nxc6 bxc6 19. Qe4 {1-0 (19) Rouze,X (2036)-Yacob,F (2167) France 2009}) 11. O-O-O {[%cal Rb5d7]} Qc7 $2 {[#]} (11... Qd8 $16) 12. Rhe1 $1 $18 a6 {[#]} 13. Bxd7+ $1 Qxd7 $2 (13... Bxd7 {keeps fighting.} 14. Nd5 Qd8) 14. Qf4 Qc6 15. Ne4 f5 (15... e5 $142 16. Nxe5 fxe5 17. Qxe5 O-O) 16. Nd6+ Bxd6 17. Rxd6 ({Not} 17. Qxd6 Qxd6 18. Rxd6 b5 $14) 17... Qc5 18. Red1 O-O 19. Qg5+ {White mates.} Kh8 20. Qf6+ Kg8 21. Rd8 {Precision: White = 62%, Black = 16%.} 1-0

[Event "92nd ARG-ch Final 2017"]
[Site "Buenos Aires"]
[Date "2017.10.16"]
[Round "5"]
[White "Pierrot, Facundo"]
[Black "Pichot, Alan"]
[Result "1/2-1/2"]
[WhiteElo "2405"]
[BlackElo "2571"]
[Annotator "TA"]
[PlyCount "108"]
[EventDate "2017.10.12"]
[EventType "tourn"]
[EventCountry "ARG"]
[SourceTitle "playchess.com"]
[Source "ChessBase"]
[SourceQuality "1"]

{[%evp 17,108,3,18,0,0,-3,0,-7,-3,0,-13,-4,-10,0,0,0,0,0,-18,-69,-55,-60,-85,-73,-60,-47,-20,-20,-12,-22,-23,-22,25,27,24,27,21,24,26,12,16,0,12,23,23,0,0,0,0,0,0,0,0,0,0,0,39,14,46,4,37,0,0,0,0,0,0,0,0,0,0,-18,0,0,0,0,0,0,0,0,0,0,0,0,0,0,0,0,6,0,7,7,7]} 1. e4 c5 2. Nf3 Nc6 3. Bb5 d6 4. O-O Bd7 5. c3 Nf6 6. Re1 a6 7. Ba4 b5 8. Bc2 Bg4 9. d3 e6 {LiveBook: 75 Games. B51: Sicilian: Moscow Variation (3 Bb5+) without 3...Bd7} 10. a4 (10. Nbd2 d5 11. h3 Bh5 12. a4 Be7 13. axb5 axb5 14. Rxa8 Qxa8 15. Nf1 O-O 16. Ng3 Bxf3 17. Qxf3 {0-1 (31) Stellwagen,D (2635)-Timofeev,A (2690) Khanty-Mansiysk 2010}) 10... Be7 $146 ({Predecessor:} 10... b4 11. a5 Be7 12. Ba4 Qc7 13. cxb4 O-O 14. Bxc6 Qxc6 15. bxc5 Qxc5 16. Nbd2 d5 17. e5 {0-1 (65) Ceron,J (2039)-Becerra,J (2318) Bogota 2012}) 11. Nbd2 O-O 12. h3 Bh5 13. g4 Bg6 14. Nh4 d5 15. Nxg6 hxg6 16. axb5 axb5 17. Rxa8 Qxa8 18. e5 (18. g5 $11 Nd7 19. exd5 exd5 20. Qg4) 18... Nd7 $15 19. Nf3 d4 20. Qe2 dxc3 21. bxc3 Qa2 {White should prevent ...Ndxe5!} 22. d4 b4 23. Be4 Qxe2 24. Rxe2 Na5 25. cxb4 cxb4 26. Ra2 Nc4 27. Ra7 Ncb6 28. Rc7 Rb8 29. Nd2 Kf8 30. Nb3 Ke8 31. Kf1 Nd5 32. Ra7 N7b6 33. Bd3 Rc8 34. Bb5+ Kf8 {[#] aiming for ...Rc3.} 35. Bd2 Rc2 {Threatens to win with ...Rb2.} 36. Rb7 Rc8 37. Na5 Bh4 38. Bc6 Kg8 39. Bxb4 Nxb4 {The position is equal.} 40. Rxb6 Nd3 {[#] And now ...Bd8 would win.} 41. Nc4 Bxf2 42. Nd6 Rd8 $1 43. Rb3 Bxd4 44. Nxf7 Rf8 45. Rxd3 Rxf7+ $11 {[%mdl 4096] Endgame KRB-KRB} 46. Kg2 Bxe5 47. Re3 Rc7 48. Be8 Rc5 49. Bxg6 Kf8 50. h4 Ke7 51. g5 Bf4 52. Rf3 Rc4 53. Rb3 Bc7 54. Kh3 Be5 {Precision: White = 57%, Black = 59%.} 1/2-1/2